000 00543cam a22002171 4500
001 sa 68013065
003 DLC
005 20260227112619.0
008 890315s1966 io c 000 0 dut
010 _asa 68013065
035 _a(OCoLC)23407709
040 _aDLC
_cMiU
_dDLC
042 _apremarc
043 _aa-io---
050 0 0 _aHX403.5
_b.S5
100 1 _aSidin, A. D.
245 1 0 _aFitnah infiltrasi kudeta
260 _aMedan,
_b"Harris"
_c[1966]
300 _a127 p.
_bports.
_c21 cm.
650 0 _aCommunism
_zIndonesia
_xHistory.
999 _c84924
_d84924